<?xml version="1.0" encoding="UTF-8"?>
<record
    xmlns:xsi="http://www.w3.org/2001/XMLSchema-instance"
    xsi:schemaLocation="http://www.loc.gov/MARC21/slim http://www.loc.gov/standards/marcxml/schema/MARC21slim.xsd"
    xmlns="http://www.loc.gov/MARC21/slim">

  <leader>01423nam0a22003371  4500</leader>
  <controlfield tag="001">RU\INFOCOMM_327\NLR\5000063406</controlfield>
  <controlfield tag="005">20250613112604.0</controlfield>
  <datafield tag="035" ind1=" " ind2=" ">
    <subfield code="a">(NLR Aleph) 009613940</subfield>
  </datafield>
  <datafield tag="090" ind1=" " ind2=" ">
    <subfield code="a">9389760</subfield>
    <subfield code="c">9389760</subfield>
  </datafield>
  <datafield tag="100" ind1=" " ind2=" ">
    <subfield code="a">20130318d1975    |||y0rusy50      ca</subfield>
  </datafield>
  <datafield tag="101" ind1="1" ind2=" ">
    <subfield code="a">eng</subfield>
    <subfield code="c">rus</subfield>
  </datafield>
  <datafield tag="102" ind1=" " ind2=" ">
    <subfield code="a">RU</subfield>
  </datafield>
  <datafield tag="105" ind1=" " ind2=" ">
    <subfield code="a">y   z   |||||</subfield>
  </datafield>
  <datafield tag="200" ind1="1" ind2=" ">
    <subfield code="a">India: social and economic development, 18th - 20th centuries</subfield>
    <subfield code="e">[Transl. from the Russ. ...]</subfield>
    <subfield code="f">V. Pavlov, V. Rastyannikov, G. Shirokov</subfield>
    <subfield code="g">[&#x41F;&#x43E;&#x441;&#x43B;&#x435;&#x441;&#x43B;. &#x438; &#x43E;&#x431;&#x449;. &#x440;&#x435;&#x434;. &#x434;-&#x440;&#x430; &#x44D;&#x43A;&#x43E;&#x43D;. &#x43D;&#x430;&#x443;&#x43A; &#x420;. &#x410;. &#x423;&#x43B;&#x44C;&#x44F;&#x43D;&#x43E;&#x432;&#x441;&#x43A;&#x43E;&#x433;&#x43E;]</subfield>
  </datafield>
  <datafield tag="210" ind1=" " ind2=" ">
    <subfield code="a">M.</subfield>
    <subfield code="c">"Progress"</subfield>
    <subfield code="d">1975</subfield>
  </datafield>
  <datafield tag="215" ind1=" " ind2=" ">
    <subfield code="a">296 &#x441;.</subfield>
    <subfield code="d">21 &#x441;&#x43C;</subfield>
  </datafield>
  <datafield tag="225" ind1="1" ind2=" ">
    <subfield code="a">Problems of the Third world</subfield>
  </datafield>
  <datafield tag="300" ind1=" " ind2=" ">
    <subfield code="a">&#x41D;&#x430; &#x43E;&#x431;&#x43E;&#x440;&#x43E;&#x442;&#x435; &#x442;&#x438;&#x442;. &#x43B;.: &#x412;. &#x418;. &#x41F;&#x430;&#x432;&#x43B;&#x43E;&#x432;, &#x412;. &#x413;. &#x420;&#x430;&#x441;&#x442;&#x44F;&#x43D;&#x43D;&#x438;&#x43A;&#x43E;&#x432;, &#x413;. &#x41A;. &#x428;&#x438;&#x440;&#x43E;&#x43A;&#x43E;&#x432;. &#x421;&#x43E;&#x446;&#x438;&#x430;&#x43B;&#x44C;&#x43D;&#x43E;-&#x44D;&#x43A;&#x43E;&#x43D;&#x43E;&#x43C;&#x438;&#x447;&#x435;&#x441;&#x43A;&#x43E;&#x435; &#x440;&#x430;&#x437;&#x432;&#x438;&#x442;&#x438;&#x435; &#x418;&#x43D;&#x434;&#x438;&#x438; (XVIII-XX &#x432;&#x432;.)</subfield>
  </datafield>
  <datafield tag="607" ind1=" " ind2=" ">
    <subfield code="a">&#x418;&#x43D;&#x434;&#x438;&#x44F;</subfield>
    <subfield code="x">&#x41D;&#x430;&#x440;&#x43E;&#x434;&#x43D;&#x43E;&#x435; &#x445;&#x43E;&#x437;&#x44F;&#x439;&#x441;&#x442;&#x432;&#x43E;</subfield>
    <subfield code="2">nlr_sh1</subfield>
  </datafield>
  <datafield tag="607" ind1=" " ind2=" ">
    <subfield code="a">&#x418;&#x43D;&#x434;&#x438;&#x44F;</subfield>
    <subfield code="x">&#x418;&#x441;&#x442;&#x43E;&#x440;&#x438;&#x44F;</subfield>
    <subfield code="z">18-20 &#x432;.</subfield>
    <subfield code="2">nlr_sh1</subfield>
  </datafield>
  <datafield tag="620" ind1=" " ind2=" ">
    <subfield code="a">&#x41C;&#x43E;&#x441;&#x43A;&#x432;&#x430;</subfield>
  </datafield>
  <datafield tag="686" ind1=" " ind2=" ">
    <subfield code="a">&#x423;03(5&#x418;&#x434;)63</subfield>
    <subfield code="2">rubbk</subfield>
  </datafield>
  <datafield tag="686" ind1=" " ind2=" ">
    <subfield code="a">&#x422;3(5&#x418;&#x434;)5/6</subfield>
    <subfield code="2">rubbk</subfield>
  </datafield>
  <datafield tag="700" ind1=" " ind2="1">
    <subfield code="a">Pavlov</subfield>
    <subfield code="b">V. I.</subfield>
    <subfield code="g">Vladimir Ivanovi&#x10D;</subfield>
  </datafield>
  <datafield tag="701" ind1=" " ind2="1">
    <subfield code="a">Rastjannikov</subfield>
    <subfield code="b">V. G.</subfield>
    <subfield code="g">Viktor Georgievi&#x10D;</subfield>
  </datafield>
  <datafield tag="701" ind1=" " ind2="1">
    <subfield code="a">&#x160;irokov</subfield>
    <subfield code="b">G. K.</subfield>
    <subfield code="g">Glerij Kuz'mi&#x10D;</subfield>
  </datafield>
  <datafield tag="801" ind1=" " ind2="1">
    <subfield code="a">RU</subfield>
    <subfield code="b">Infocomm</subfield>
    <subfield code="c">20130318</subfield>
  </datafield>
  <datafield tag="801" ind1=" " ind2="0">
    <subfield code="a">RU</subfield>
    <subfield code="b">INFOCOMM</subfield>
    <subfield code="g">PSBO</subfield>
  </datafield>
  <datafield tag="852" ind1=" " ind2=" ">
    <subfield code="a">NLR</subfield>
    <subfield code="j">&#x42D;&#x43A;21 &#x414;-3/201</subfield>
  </datafield>
  <datafield tag="942" ind1=" " ind2=" ">
    <subfield code="c">BOOK</subfield>
  </datafield>
  <datafield tag="980" ind1=" " ind2=" ">
    <subfield code="a">NB</subfield>
  </datafield>
  <datafield tag="995" ind1=" " ind2=" ">
    <subfield code="5">2013-10-26</subfield>
    <subfield code="b">NLR01</subfield>
    <subfield code="c">NLR01</subfield>
    <subfield code="e">IF</subfield>
    <subfield code="f">9613940-10</subfield>
    <subfield code="k">&#x42D;&#x43A;21 &#x414;-3/201</subfield>
    <subfield code="o">0</subfield>
    <subfield code="r">BOOK</subfield>
    <subfield code="s">21_3201</subfield>
  </datafield>
</record>
